Largest Cities Once in the Empire of Japan - Statistics

General Stats
  • This quiz has been taken 91 times
    85 since last reset
  • The average score is 13 of 16
Answer Stats
Population City % Correct
39,900,000 Tokyo
100%
29,500,000 Shanghai
99%
20,000,000 Beijing
96%
30,300,000 Jakarta
93%
17,700,000 Osaka
92%
24,600,000 Manila
89%
45,600,000 Guangzhou
88%
24,600,000 Seoul
86%
8,350,000 Ho Chi Minh City
85%
18,400,000 Bangkok
80%
9,100,000 Taipei
76%
10,500,000 Nagoya
70%
12,700,000 Tianjin
69%
8,450,000 Kuala Lumpur
61%
9,800,000 Xiamen
55%
8,700,000 Wuhan
47%
No matching quizzes found
Score Distribution
Percent of People with Each Score
Percentile by Number Answered
Your Score History
You have not taken this quiz since the last reset